00270nam a22001097a 4500020001500000082001400015100001600029245004900045260004500094300000800139650001300147 a0199484228 a297,7 BOR aBorker, Hem aMadrasas and The Making of Islamic Womanhood aNew DelhibOxford University Pressc2018 a326 aMadrasas